000
00308nam a22001337a 4500
008
170524b xxu||||| |||| 00| 0 eng d
020
_a
0813816106
041
_a
eng
080
_a
625.7/.8
100
_a
26
101
_a
IM
245
_a
THE STUDENT PILOT'S FLIGHTS MANUAL
_c
KERSHNER, W.K
942
_2
udc
_c
BK
999
_c
14078
_d
14078